[Event "Open"]
[Site "Teplice CZE"]
[Date "2008.06.19"]
[Round "6"]
[White "Horyna,J"]
[Black "Kolar,Da"]
[Result "1/2-1/2"]
[WhiteElo "1929"]
[BlackElo "1901"]

1.d4 Nf6 2.Bg5 d5 3.e3 Nbd7 4.Nf3 g6 5.Bd3 Bg7 6.Nbd2 O-O 7.O-O c6 8.c3 Re8
9.Rc1 Nb6 10.h3 Be6 11.b3 Qd7 12.Ne5 Qc8 13.Bf4 Nbd7 14.c4 Nh5 15.g4 Nxf4
16.exf4 Bxe5 17.dxe5 Nc5 18.Bb1 dxc4 19.Nxc4 Bxc4 20.Rxc4 Na6 21.Qf3 Qc7
22.Rd1 Rad8 23.Rcd4 Rxd4 24.Rxd4 Rd8 25.Qd3 Rxd4 26.Qxd4 Qa5 27.Kg2 Nb4 28.a4 Qd5+
29.Qxd5 Nxd5 30.Kf3 Kf8 31.h4 b5 32.axb5 cxb5 33.f5 a5 34.fxg6 hxg6 35.Bc2 Nb4
36.Bd1 Nd3 37.e6 fxe6 38.Ke3 Nb2 39.Bc2 Kf7 40.Kd4 a4 41.bxa4 bxa4 42.Kc3 a3
43.Bb3 Kf6  1/2-1/2

[Event "4th IRT Soc. Italiana"]
[Site "Merlo ARG"]
[Date "2008.06.20"]
[Round "3"]
[White "Medina,S"]
[Black "Lugo,Ser"]
[Result "1-0"]
[WhiteElo "2099"]
[BlackElo "1997"]

1.d4 d5 2.Bg5 Nf6 3.Bxf6 exf6 4.e3 Bd6 5.Bd3 O-O 6.Nd2 c6 7.c3 f5 8.Qc2 g6
9.g3 Nd7 10.Ngf3 Nf6 11.O-O Ne4 12.c4 Be6 13.c5 Be7 14.b4 g5 15.Ne1 Qd7 16.Ng2 Kh8
17.f3 Nxd2 18.Qxd2 h5 19.Qf2 Bf6 20.g4 h4 21.h3 Rg8 22.a4 Bd8 23.Kh1 Bc7
24.f4 gxf4 25.Nxf4 Bxf4 26.Qxf4 f6 27.gxf5  1-0

[Event "Serbia Cup"]
[Site "Zlatibor SRB"]
[Date "2008.06.21"]
[Round "6"]
[White "Miladinovic,I"]
[Black "Solak,D"]
[Result "0-1"]
[WhiteElo "2579"]
[BlackElo "2630"]

1.d4 Nf6 2.Bg5 d5 3.e3 c5 4.Nc3 e6 5.Nf3 Nc6 6.dxc5 Bxc5 7.a3 h6 8.Bh4 g5
9.Bg3 Nh5 10.Be5 Nxe5 11.Nxe5 Nf6 12.Bb5+ Ke7 13.h4 a6 14.Bd3 d4 15.Na4 Qa5+
16.c3 dxe3 17.fxe3 Ba7 18.Nc4 Qc7 19.O-O Nd5 20.Qh5 Nf4 21.Rxf4 Qxf4 22.Rf1 Bxe3+
23.Kh1 Bf2 24.Nab6 Rb8 25.hxg5 Bd7 26.g6 fxg6 27.Qh3 Bc6 28.Ne5 Qxe5 29.Rxf2 Qh5
30.Qxh5 gxh5 31.Nc4 Bb5 32.a4 Bxa4 33.Ne5 Be8 34.Re2 Rg8 35.Nf3 Bb5 36.c4 Bd7
37.Be4 Rbc8 38.Bxb7 Rxc4 39.Bxa6 Rb4 40.Ne5 Rg5 41.Kh2 Bb5 42.Bxb5 Rxb5 43.Nc6+ Kd7
44.Nd4 Rge5 45.Rf2 Rb4 46.Nf3 Reb5 47.Rd2+ Ke7 48.Rc2 Rxb2 49.Rc7+ Kf6 50.Rh7 Kg6
51.Re7 Rb6 52.Re8 Re2 53.Kh3 Re4 54.Kh2 Rb2 55.Kh3 Kf6 56.Rh8 Kg7 57.Rd8 Rb3
58.Rd7+ Kf6 59.Rh7 Kg6 60.Rc7 Rf4 61.Kg3 Rg4+ 62.Kh3 Re3 63.Rc6 Kf6 64.Ra6 Re2
65.g3 Re3 66.Ra8 Rg7 67.Kg2 h4 68.Nxh4 Rexg3+ 69.Kf2 Rb3 70.Rh8 Ra7 71.Rf8+ Kg7  0-1

[Event "Serbia Cup"]
[Site "Zlatibor SRB"]
[Date "2008.06.21"]
[Round "6"]
[White "Govedarica,R"]
[Black "Popovic,Al"]
[Result "1-0"]
[WhiteElo "2399"]
[BlackElo "2045"]

1.d4 Nf6 2.Bg5 c5 3.Bxf6 exf6 4.dxc5 Bxc5 5.e3 Qb6 6.Qc1 O-O 7.Nc3 f5 8.Nd5 Qd6
9.Qd2 a5 10.g3 b6 11.Bg2 Nc6 12.Ne2 Ba6 13.O-O Ne5 14.b3 Rfe8 15.Rfd1 Rac8
16.Nd4 g6 17.a4 Ng4 18.h3 Nf6 19.Nxf6+ Qxf6 20.c4 Rc7 21.Qd3 d6 22.Ne2 Rce7
23.Nf4 Rxe3 24.Nd5 Qxa1 25.Nxe3 Qe5 26.Re1 Bb4 27.Re2 Bc5 28.Bf3 Qa1+ 29.Kg2 Qd4
30.Nxf5  1-0

[Event "ch-PAR"]
[Site "Asuncion PAR"]
[Date "2008.06.22"]
[Round "8"]
[White "Kropff,R"]
[Black "Patriarca,L"]
[Result "1/2-1/2"]
[WhiteElo "2282"]
[BlackElo "2333"]

1.d4 Nf6 2.Bg5 g6 3.c3 Bg7 4.Nd2 h6 5.Bh4 d6 6.e4 Nbd7 7.Ngf3 g5 8.Bg3 Nh5
9.Nc4 Nxg3 10.hxg3 e6 11.Bd3 a5 12.Qe2 Qe7 13.Nfd2 b5 14.Ne3 b4 15.f4 c5
16.e5 bxc3 17.bxc3 cxd4 18.cxd4 dxe5 19.dxe5 O-O 20.Ng4 Rd8 21.Qe4 f5 22.Qxa8 Nc5
23.Nf2 Ba6 24.Qc6 Rxd3 25.Nxd3 Nxd3+ 26.Kd1 Nf2+ 27.Kc2 Bd3+ 28.Kb2 Qb4+
29.Nb3 a4 30.Qc5 a3+ 31.Kc1 Qxc5+ 32.Nxc5 Nxh1 33.Nxd3 Nxg3 34.Kd2 gxf4 35.Rb1 Ne4+
36.Kc2 Ng5 37.Rb3 f3 38.gxf3 Nxf3 39.Rxa3 Nxe5 40.Nf4 Nc6 41.Nxe6 Be5 42.Rh3 Kh7
43.a4 Kg6 44.Kd3 h5 45.Kc4 Bb8 46.Kb5 Ne7 47.a5 Kf6 48.Nc5 Kg5 49.Nd7 Ba7
50.Rc3 Nd5 51.Rc8 f4 52.Kc4 Ne7 53.Rf8 h4 54.Kd3 h3 55.Rh8 Kg4 56.Ke4 Ng6
57.Rh6 Nh4 58.Nf6+ Kg3 59.Nh5+ Kg4 60.Nf6+ Kg3 61.Nh5+  1/2-1/2

[Event "Serbia Cup"]
[Site "Zlatibor SRB"]
[Date "2008.06.22"]
[Round "7"]
[White "Perunovic,Mio"]
[Black "Sedlak,N"]
[Result "1/2-1/2"]
[WhiteElo "2420"]
[BlackElo "2582"]

1.d4 Nf6 2.Bg5 c5 3.d5 Ne4 4.Bf4 Qb6 5.Bc1 e6 6.f3 Nf6 7.e4 exd5 8.exd5 d6
9.Na3 Be7 10.Nc4 Qc7 11.a4  1/2-1/2

[Event "22th Open"]
[Site "Pula CRO"]
[Date "2008.06.24"]
[Round "4"]
[White "Forsaa,E"]
[Black "Papp,Ga"]
[Result "0-1"]
[WhiteElo "2312"]
[BlackElo "2501"]

1.d4 Nf6 2.Bg5 d5 3.Nf3 Nbd7 4.c4 c6 5.Nc3 e6 6.e3 Be7 7.Bd3 dxc4 8.Bxc4 O-O
9.O-O b5 10.Bd3 Bb7 11.Qc2 Rc8 12.Ne4 Nxe4 13.Bxe7 Qxe7 14.Bxe4 Nf6 15.Bd3 c5
16.dxc5 Rxc5 17.Qe2 Rh5 18.e4 g5 19.Ne5 Qd6 20.f4 gxf4 21.Ng4 Qd4+ 22.Kh1 Rg5
23.Rxf4 Nxg4 24.Rxg4 Rxg4 25.Qxg4+ Kh8 26.Qe2 Rg8 27.Rd1 f5 28.Bxb5 Qe5 29.Bd3 fxe4
30.Qe3 Qg5 31.Qxg5 Rxg5 32.Bf1 Rd5 33.Be2 e3 34.Rd3 Rc5 35.Rc3 Rg5 36.Rxe3 Rxg2
37.Bf3 Bxf3 38.Rxf3 Rxb2 39.Ra3 Rb7 40.Ra6 Re7 41.Kg2 Kg7 42.Kf3 Kf6 43.Ke4 Rb7
44.Ra4 h5 45.Kf4 Rg7 46.Ra6 h4 47.a4 Rg2 48.h3 Rg3 49.Rxa7 Rxh3 50.Kg4 Rh1
51.a5 Ke5 52.a6 Ke4 53.Ra8 h3 54.Kg3 e5 55.a7 Rg1+ 56.Kxh3 Rg7 57.Kh4 Ke3
58.Re8 Rxa7 59.Rxe5+ Kf4 60.Rh5 Ra1  0-1

[Event "TCh-TUR"]
[Site "Kocaeli TUR"]
[Date "2008.06.25"]
[Round "3"]
[White "Kanmazalp,O"]
[Black "Kazdagli,B"]
[Result "1-0"]
[WhiteElo "2281"]
[BlackElo "1754"]

1.d4 Nf6 2.Bg5 g6 3.Bxf6 exf6 4.e3 Nc6 5.c3 d6 6.Bd3 Bh6 7.Nd2 O-O 8.h4 f5
9.Qf3 Kg7 10.Ne2 Bd7 11.Qg3 Qf6 12.Nf3 Rae8 13.O-O-O Ne7 14.Ng5 Nd5 15.Nf4 Nxf4
16.exf4 Bc6 17.Rde1 Be4 18.Bc4 Bc6 19.h5 b5 20.Bb3 a5 21.hxg6 hxg6 22.Rxe8 Rxe8
23.Bxf7 Re7 24.Rxh6  1-0

[Event "DOBA as GM CUP"]
[Site "Mlada Boleslav CZE"]
[Date "2008.07.02"]
[Round "8"]
[White "Sergeev,Vl"]
[Black "Klovans,J"]
[Result "1-0"]
[WhiteElo "2508"]
[BlackElo "2428"]

1.d4 Nf6 2.Bg5 d5 3.Bxf6 exf6 4.e3 Bd6 5.g3 O-O 6.Bg2 c6 7.Nd2 Nd7 8.Ne2 f5
9.c4 dxc4 10.Nxc4 Bb4+ 11.Nc3 Nb6 12.Nd2 Be6 13.O-O a5 14.Qc2 Qe7 15.Rfd1 Rfd8
16.Nb3 a4 17.Nc1 a3 18.Nd3 axb2 19.Qxb2 Ba5 20.Nc5 Bxc3 21.Qxc3 Na4 22.Qb4 Nxc5
23.dxc5 g6 24.Rd6 Rxa2 25.Rxa2 Bxa2 26.Qa5 Rxd6 27.cxd6 Qxd6 28.Qxa2 Qd7
29.Bf3 Kf8 30.Qb2 h5 31.Qe5 Kg8 32.h4 Kf8 33.Be2 Qd2 34.Bf1 Qb4 35.Bd3 b5
36.Kg2 Qb3 37.Qc5+ Kg8 38.Be2  1-0

[Event "XVII Burgas Open"]
[Site "Ourense ESP"]
[Date "2008.07.03"]
[Round "1"]
[White "Gallego Martin,M"]
[Black "Alcazar Jimenez,V"]
[Result "1/2-1/2"]
[WhiteElo "1848"]
[BlackElo "2391"]

1.d4 Nf6 2.Bg5 c5 3.d5 Ne4 4.Bf4 d6 5.f3 Nf6 6.e4 g6 7.c4 Bg7 8.Nc3 Na6 9.Qd2 h5
10.h4 Nc7 11.Bd3 e5 12.Bg5 Qe7 13.Nge2 Nh7 14.Bh6 f6 15.Rh3 Qf7 16.Rg3 Bd7
17.a3 O-O-O 18.Bxg7 Qxg7 19.b4 g5 20.bxc5 dxc5 21.f4 exf4 22.Nxf4 Bg4 23.Nfe2 gxh4
24.Re3 Ng5 25.Nf4 Rhe8 26.Be2 f5 27.Bxg4 hxg4 28.exf5 Ne4 29.Nxe4 Qxa1+ 30.Ke2 Qe5
31.Ne6 Nxe6 32.fxe6 Rxe6 33.dxe6 Rxd2+ 34.Nxd2 Qh5 35.e7 Qe8 36.Re5 h3 37.Ne4 h2
38.Nd6+ Kb8 39.Nxe8 h1=Q 40.Nd6 Qxg2+ 41.Kd1 Qf1+ 42.Re1 Qd3+ 43.Kc1 Qxa3+
44.Kd1  1/2-1/2

[Event "XVII Burgas Open"]
[Site "Ourense ESP"]
[Date "2008.07.03"]
[Round "1"]
[White "Rusev,K"]
[Black "Otero Nogueira,B"]
[Result "1-0"]
[WhiteElo "2508"]
[BlackElo "1917"]

1.d4 Nf6 2.Bg5 g6 3.Bxf6 exf6 4.e3 Bg7 5.c4 d6 6.Nc3 f5 7.Nge2 Nd7 8.g3 Nf6
9.Bg2 O-O 10.O-O c6 11.b4 Qe7 12.Qd3 Re8 13.b5 Bd7 14.Rab1 Rab8 15.Rb3 Ne4
16.Rfb1 h5 17.bxc6 Bxc6 18.Nf4 Nxc3 19.Bxc6 bxc6 20.Rxb8 Nxb1 21.Rxb1 Bh6
22.Ng2 Bg5 23.h4 Bf6 24.Nf4 Qc7 25.Qb3 Kf8 26.Qa3 Rb8 27.Rb3 Ke8 28.Qa4 Kd7
29.Nd5 Qc8 30.Qxa7+  1-0

[Event "World Open"]
[Site "Philadelphia USA"]
[Date "2008.07.04"]
[Round "5"]
[White "Panjwani,R"]
[Black "Bercys,S"]
[Result "1-0"]
[WhiteElo "2310"]
[BlackElo "2429"]

1.d4 Nf6 2.Bg5 c5 3.d5 Qb6 4.Nc3 Qxb2 5.Bd2 Qb6 6.e4 e5 7.f4 d6 8.f5 h5 9.Nf3 Be7
10.a4 Qd8 11.Be2 Na6 12.O-O Nb4 13.h4 Nh7 14.g3 g6 15.fxg6 fxg6 16.Bh6 Nf6
17.Bg7 Rg8 18.Bh6 Rh8 19.Bg5 Nh7 20.Bd2 Bg4 21.Be3 Qa5 22.Bb5+ Kd8 23.Qd2 Kc7
24.Nxe5  1-0

[Event "ChInt Open"]
[Site "Paris FRA"]
[Date "2008.07.05"]
[Round "8"]
[White "Mayaud,R"]
[Black "Shirazi,K"]
[Result "0-1"]
[WhiteElo "2201"]
[BlackElo "2448"]

1.d4 Nf6 2.Bg5 c5 3.d5 Qb6 4.Nc3 Qxb2 5.Bd2 Qb6 6.e4 d6 7.f4 e6 8.Rb1 Qc7
9.Bb5+ Nbd7 10.dxe6 fxe6 11.Nf3 a6 12.Bxd7+ Bxd7 13.e5 Nd5 14.Nxd5 exd5 15.O-O O-O-O
16.Qe1 Re8 17.Ba5 Qc6 18.Rb6 Qa4 19.Qd2 Bc6 20.Rfb1 Be7 21.Rxc6+ Qxc6 22.Rb6 Qd7
23.f5 dxe5 24.Nxe5 Bg5 25.Qc3 Rxe5 26.Qxe5 Bf6 27.Qf4 Re8 28.Re6 Rxe6 29.fxe6 Qc6
30.Qf5 Qb5 31.h4 Kb8 32.Bd2 Qe2 33.Bg5 Qe1+ 34.Kh2 Be5+ 35.Bf4 Qxh4+ 36.Kg1 Bxf4
37.Qf8+ Ka7 38.Qxc5+ b6 39.Qc3 d4  0-1

[Event "XXXI Open"]
[Site "Barbera del Valles ESP"]
[Date "2008.07.07"]
[Round "3"]
[White "Canal Oliveras,J"]
[Black "Vilela de Acuna,J"]
[Result "1/2-1/2"]
[WhiteElo "2241"]
[BlackElo "2347"]

1.d4 Nf6 2.Bg5 c5 3.Bxf6 gxf6 4.d5 Qb6 5.Qc1 f5 6.e3 Bg7 7.c3 e6 8.Ne2 Qd8
9.Na3 O-O 10.Nf4 d6 11.Be2 Na6 12.Qd2 Nc7 13.Bf3 e5 14.Nh5 Bh6 15.Be2 Ne8
16.f4 Nf6 17.Nxf6+ Qxf6 18.g3 Bd7 19.O-O Kh8 20.Rf2 Rab8 21.Bb5 Bc8 22.Bd3 e4
23.Bf1 Qd8 24.Nc2 Bg7 25.a4 Bf6 26.Na3 Rg8 27.Nc4 Rg7 28.Rb1 Qc7 29.b4 cxb4  1/2-1/2

[Event "36th TCh-GRE"]
[Site "Kallithea Halkidiki GRE"]
[Date "2008.07.07"]
[Round "3"]
[White "Kounalakis,E"]
[Black "Grapsa,G"]
[Result "1/2-1/2"]
[WhiteElo "2120"]
[BlackElo "2104"]

1.d4 Nf6 2.Bg5 d5 3.Nf3 Ne4 4.Bf4 c5 5.e3 e6 6.c3 Bd6 7.Bxd6 Qxd6 8.Nbd2 Nxd2
9.Qxd2 O-O 10.Be2 Nc6 11.Rd1 b6 12.O-O Bb7 13.Bb5 a6 14.Ba4 Rad8 15.a3 b5
16.Bc2 e5 17.dxe5 Nxe5 18.Nxe5 Qxe5 19.Qd3 g6 20.Rd2 f5 21.Rfd1 Bc6 22.b4 c4
23.Qd4 Qxd4 24.Rxd4 Rfe8 25.g3 Re7 26.Ra1 a5 27.a4 axb4 28.axb5 Ra8 29.Rxa8+ Bxa8
30.cxb4 Ra7 31.Kf1 Ra2 32.Rd2 Rb2 33.Ke1 Rxb4 34.Rd4 Kf7 35.g4 fxg4 36.Rxg4 Rxb5
37.Rh4 Kg7 38.Rd4 Ra5 39.Kd2 Ra3 40.e4  1/2-1/2

[Event "36th TCh-GRE"]
[Site "Kallithea Halkidiki GRE"]
[Date "2008.07.07"]
[Round "3"]
[White "Papageorgiou,D"]
[Black "Kanakaris,G"]
[Result "0-1"]
[WhiteElo "1855"]
[BlackElo "2284"]

1.d4 Nf6 2.Bg5 d5 3.Bxf6 exf6 4.e3 Be6 5.Nd2 Nd7 6.Bd3 Bd6 7.Ngf3 O-O 8.O-O f5
9.c4 c6 10.c5 Bc7 11.b4 a6 12.a4 Qf6 13.Qc2 g5 14.g3 Kg7 15.Kg2 Rh8 16.h4 h6
17.Rh1 Rag8 18.Rh2 f4 19.hxg5 hxg5 20.Rh7+ Rxh7 21.Bxh7 Rh8 22.Rh1 fxe3 23.fxe3 Nf8
24.Bd3 Rxh1 25.Kxh1 Bxg3 26.Kg2 Bc7 27.Qd1 g4 28.Nh2 Bxh2 29.Kxh2 Qh4+ 30.Kg2 Qh3+  0-1

[Event "36th TCh-GRE"]
[Site "Kallithea Halkidiki GRE"]
[Date "2008.07.07"]
[Round "3"]
[White "Festas,G"]
[Black "Atalik,S"]
[Result "0-1"]
[WhiteElo "2172"]
[BlackElo "2585"]

1.d4 Nf6 2.Bg5 d5 3.Nd2 Nbd7 4.Ngf3 g6 5.e3 Bg7 6.Be2 O-O 7.O-O c5 8.c3 b6
9.b4 h6 10.Bh4 g5 11.Bg3 Nh5 12.a3 Nxg3 13.hxg3 e6 14.Rb1 Qc7 15.Qb3 c4 16.Qc2 f5
17.Rfe1 b5 18.Nh2 e5 19.g4 Nb6 20.Rbc1 Na4 21.Nb1 f4 22.dxe5 fxe3 23.fxe3 Qxe5
24.Qd2 Be6 25.Bf3 Rad8 26.Nf1 Qc7 27.Re2 h5 28.g3  0-1

[Event "Maestro Open"]
[Site "Berdsk RUS"]
[Date "2008.07.10"]
[Round "3"]
[White "Zubarev,Al3"]
[Black "Ulienkov,V"]
[Result "1-0"]
[WhiteElo "1948"]
[BlackElo "2163"]

1.d4 Nf6 2.Bg5 d5 3.e3 g6 4.Bd3 Bg7 5.Nd2 O-O 6.c3 Nbd7 7.f4 c5 8.Nh3 Qb6
9.Rb1 Qe6 10.Qf3 cxd4 11.cxd4 Qb6 12.Nf2 Qa5 13.a3 b5 14.Qe2 a6 15.O-O Qb6
16.b4 Re8 17.Nb3 Nf8 18.Nc5 Bf5 19.Bxf5 gxf5 20.Bxf6 Qxf6 21.Nfd3 Red8 22.Ne5 Ng6
23.Qd3 Nh4 24.Rbc1 e6 25.Rc2 Ng6 26.Nf3 Qe7 27.Rfc1 Nh4 28.Ng5 h6 29.Nh3 Kh7
30.Qe2 Bf6 31.Kh1 Rg8 32.g3 Ng6 33.Qh5 a5 34.Qe2 axb4 35.axb4 Rgb8 36.Nf2 Qa7
37.Nfd3 Be7 38.g4 fxg4 39.Qxg4 Rg8 40.Qh5 Bf6 41.Nxe6 Qa3 42.Nec5 Rae8 43.Rc3 Qa8  1-0

[Event "XVII Burgas Open"]
[Site "Ourense ESP"]
[Date "2008.07.10"]
[Round "8"]
[White "Manolache,M"]
[Black "Milchev,N"]
[Result "1-0"]
[WhiteElo "2521"]
[BlackElo "2356"]

1.d4 Nf6 2.Bg5 c5 3.Bxf6 gxf6 4.d5 Qb6 5.Qc1 Bg7 6.e3 f5 7.c3 d6 8.Nd2 Nd7
9.a4 Nf6 10.Bb5+ Kf8 11.Bc4 e6 12.a5 Qc7 13.Ne2 exd5 14.Bb3 Be6 15.Nf4 Bh6
16.O-O Rg8 17.Rd1 Rg4 18.Nf1 Qc6 19.Ba4 Qc7 20.Ng3 Bxf4 21.exf4 Rh4 22.Bc2 Ne4
23.c4 Re8 24.cxd5 Bd7 25.Bxe4 fxe4 26.Qc3 Rxf4 27.Nh5 Rg4 28.Nf6 Re5 29.Nxg4 Bxg4
30.Re1 f6 31.h3 Bh5 32.f3 Bg6 33.f4 Rxd5 34.Qxf6+ Qf7 35.Qh8+ Ke7 36.Qb8 Qxf4
37.Qxb7+ Ke6 38.Qc8+ Ke5 39.Re2 Rd3 40.Rf1 Qg5 41.Qh8+ Kd5 42.Qa8+ Kd4 43.Qxa7 e3
44.Qg7+ Qe5 45.Qxe5+ Kxe5 46.a6 Be4 47.a7 Kd4 48.Kh2 Bc6 49.Rf4+ Ke5 50.Rf8 Kd4
51.Rc8 Bd5 52.Rd8 Ke5 53.a8=Q Bxa8 54.Rxa8 d5 55.Re8+ Kf4 56.Re1 d4 57.Rf1+ Kg5
58.Rg8+ Kh6 59.Rf6+ Kh5 60.g4+  1-0

[Event "Maestro Open"]
[Site "Berdsk RUS"]
[Date "2008.07.11"]
[Round "4"]
[White "Fellenger,A"]
[Black "Kazachansky,S"]
[Result "1-0"]
[WhiteElo "2148"]
[BlackElo "1972"]

1.d4 Nf6 2.Bg5 c5 3.dxc5 Na6 4.a3 Nxc5 5.c4 d6 6.Nc3 Nfe4 7.Nxe4 Nxe4 8.Bh4 Qb6
9.f3 Qa5+ 10.b4 Qh5 11.Bf2 Nxf2 12.Kxf2 Qe5 13.g3 g5 14.Ra2 a5 15.b5 h5 16.e3 h4
17.g4 Bg7 18.Qd5 f5 19.gxf5 Qxd5 20.cxd5 Bxf5 21.Bh3 Bd3 22.Be6 Bxb5 23.Nh3 Bf6
24.Rg1 Be5 25.Nxg5 Bxh2 26.Rc1 Bg3+ 27.Kg2 Be5 28.Rac2 Kf8 29.Bg4 Bd3 30.Rd2 Bg6
31.Rc7 b5 32.Rb7 b4 33.axb4 axb4 34.Ne6+ Kf7  1-0

[Event "ch-IRL"]
[Site "Dublin IRL"]
[Date "2008.07.11"]
[Round "7"]
[White "Orr,M"]
[Black "Butnorius,A"]
[Result "0-1"]
[WhiteElo "2258"]
[BlackElo "2442"]

1.d4 Nf6 2.Bg5 d5 3.e3 Nbd7 4.Nf3 g6 5.c4 c6 6.Nc3 Bg7 7.cxd5 Nxd5 8.Nxd5 cxd5
9.Be2 O-O 10.O-O Nb6 11.Rc1 Bg4 12.Ne1 Bxe2 13.Qxe2 Qd7 14.Nd3 Rfe8 15.b3 Qf5
16.Bf4 Rac8 17.Qd2 Nd7 18.h3 h5 19.Bg3 Nf6 20.f3 Bh6 21.Bf2 Nd7 22.Rxc8 Rxc8
23.Rc1 Rxc1+ 24.Nxc1 Qb1 25.Kh2 Nb8 26.Ne2 Qf1 27.Nc3 e6 28.Nd1 Nc6 29.b4 Bf8
30.a3 a5 31.bxa5 Bxa3 32.e4 Bb4 33.Qc2 Bxa5 34.exd5 exd5 35.Qb3 Bc7+ 36.g3 h4  0-1

[Event "1st ITT 54th Aniv Martelli"]
[Site "Villa Martelli ARG"]
[Date "2008.07.11"]
[Round "5"]
[White "Rodriguez Vila,A"]
[Black "Iermito,S"]
[Result "1-0"]
[WhiteElo "2531"]
[BlackElo "2385"]

1.d4 Nf6 2.Bg5 c5 3.Bxf6 gxf6 4.d5 Qb6 5.Qc1 f5 6.c4 Bg7 7.Nc3 d6 8.e3 Nd7
9.Qc2 Nf6 10.Bd3 Bd7 11.O-O-O e6 12.Nge2 Qa5 13.h3 exd5 14.Bxf5 Bxf5 15.Qxf5 O-O
16.Kb1 b5 17.cxd5 b4 18.Ne4 Nxe4 19.Qxe4 b3 20.a3 c4 21.Rd4 Rae8 22.Qh4 f5
23.Rc1 Bxd4 24.Qxd4 Re4 25.Qd1 Rc8 26.Nc3 Re5 27.g4 Qd8 28.gxf5 Rxf5 29.Ne4 Rf7
30.Qg4+ Rg7 31.Qe6+ Kh8 32.Nxd6 Rc5 33.e4 Qf8 34.Nf5 Rg6 35.Qe5+ Qf6 36.f4 Qxe5
37.fxe5 Rg2 38.e6 Kg8 39.d6 Rf2 40.Rg1+  1-0

[Event "FSIM July"]
[Site "Budapest HUN"]
[Date "2008.07.12"]
[Round "8"]
[White "Vegh,E"]
[Black "Magyar,O"]
[Result "1/2-1/2"]
[WhiteElo "2298"]
[BlackElo "2293"]

1.d4 Nf6 2.Bg5 d5 3.Nc3 c5 4.Bxf6 gxf6 5.e3 e6 6.Bb5+ Bd7 7.Bxd7+ Qxd7 8.Nge2 Nc6
9.O-O f5 10.Rb1 b6 11.Qd2 Rc8 12.Nf4 Bh6 13.Nce2 cxd4 14.exd4 Qd6 15.g3 O-O  1/2-1/2

[Event "19th Czech Oce Open"]
[Site "Pardubice CZE"]
[Date "2008.07.12"]
[Round "4"]
[White "Kireev,Al"]
[Black "Vltavsky,V"]
[Result "1-0"]
[WhiteElo "2387"]
[BlackElo "2220"]

1.d4 Nf6 2.Bg5 c5 3.Bxf6 exf6 4.c3 d5 5.e3 Be6 6.dxc5 Bxc5 7.Nd2 Nc6 8.Nb3 Bb6
9.Nd4 Nxd4 10.exd4 O-O 11.Be2 Bc7 12.Nf3 Qd6 13.Qd2 Rfe8 14.O-O Bg4 15.g3 f5
16.Rfe1 f4 17.Ne5 Bxe2 18.Rxe2 fxg3 19.hxg3 Re6 20.Rae1 Rae8 21.Nd3 g6 22.Nc5 Rxe2
23.Rxe2 Rxe2 24.Qxe2 b6 25.Na6 Qd8 26.Qf3 Bd6 27.Qxd5 Qe7 28.Kf1 h5 29.a3 Qf6
30.Kg2 g5 31.Qe4 h4 32.gxh4 gxh4 33.Qg4+ Kf8 34.Nb4 Bxb4 35.axb4 Qc6+ 36.Kg1 Qh6
37.f4 Qh7 38.Qc8+ Kg7 39.Qg4+ Kf8 40.Kh2 Qc2+ 41.Qg2 Qd3 42.Qf2 b5 43.Qxh4 Qe2+
44.Kg1 Qxb2 45.Qh8+ Ke7 46.Qe5+ Kf8 47.d5 Qc1+ 48.Kf2 Qd2+ 49.Kg3 Qd3+ 50.Kh4 Qh7+
51.Kg4 Qg6+ 52.Qg5 Qe4 53.Qh6+ Ke7 54.Qg5+ Kf8 55.Qh6+ Ke7 56.d6+ Kd7 57.Qf6 Qg2+
58.Kh4 Qh1+ 59.Kg5 Qd5+ 60.f5 Qd2+ 61.Kh5 Qh2+ 62.Kg5 Qd2+ 63.Kg4 Qd1+ 64.Kh4 Qe1+
65.Kh3 Qe3+ 66.Kg4 Qe2+ 67.Kf4 Qd2+ 68.Ke4 Qe2+ 69.Kd4 Qc4+ 70.Ke3 Kc6 71.Qe5 Kb7
72.Qe4+ Qc6 73.Kd4 f6 74.Qd5 Kb6 75.d7  1-0

[Event "XXIII Tadeusz Gniota Mem"]
[Site "Police POL"]
[Date "2008.07.12"]
[Round "4"]
[White "Zschaebitz,K"]
[Black "Krasowski,S"]
[Result "1-0"]
[WhiteElo "2103"]
[BlackElo "2092"]

1.d4 Nf6 2.Bg5 d5 3.Nf3 e6 4.e3 c5 5.c3 Nc6 6.Nbd2 Bd7 7.Qb3 b6 8.Ne5 Nxe5
9.dxe5 h6 10.Bh4 g5 11.Bg3 Nh5 12.e4 c4 13.Qd1 Nxg3 14.hxg3 Bg7 15.f4 b5
16.exd5 exd5 17.Nf3 Bg4 18.Be2 a6 19.Nd4 Bxe2 20.Qxe2 Kf8 21.Qg4 Rg8 22.Qf5 Ra7
23.Ne6+  1-0

[Event "XXIII Tadeusz Gniota Mem"]
[Site "Police POL"]
[Date "2008.07.13"]
[Round "6"]
[White "Issel,O"]
[Black "Kurpiewski,S"]
[Result "1/2-1/2"]
[WhiteElo "2118"]
[BlackElo "2184"]

1.d4 Nf6 2.Bg5 d5 3.Nd2 c6 4.Bxf6 exf6 5.Ngf3 Bf5 6.e3 Qb6 7.Qc1 Nd7 8.Be2 h5
9.O-O h4 10.Ne1 g6 11.Bd3 Bxd3 12.Nxd3 h3 13.g3 f5 14.c3 Qd8 15.Qc2 Bd6 16.Rae1 O-O
17.Nf4 Bxf4 18.exf4 Kg7 19.Re2 Nf6 20.Rfe1 Qd6 21.Nf3 Rh8 22.Ne5 Rae8 23.Nd3 Qd8
24.f3 Rxe2  1/2-1/2

[Event "Heart of Finland"]
[Site "Jyvaskyla FIN"]
[Date "2008.07.14"]
[Round "5"]
[White "Pohjala,H"]
[Black "Kivipelto,KE"]
[Result "1/2-1/2"]
[WhiteElo "2035"]
[BlackElo "2174"]

1.d4 Nf6 2.Bg5 d5 3.Bxf6 exf6 4.e3 c6 5.Ne2 h5 6.h4 Bd6 7.Nd2 Bf5 8.c4 Bb4
9.cxd5 Qxd5 10.a3 Bxd2+ 11.Qxd2 Nd7 12.Rc1 Qd6 13.Nf4 g6 14.Bc4 O-O 15.O-O Ne5
16.Be2 Rfd8 17.Qc3 Nd7 18.Qa5 Be6 19.Rfd1 Nb6 20.g3 Nd5 21.Ng2  1/2-1/2

[Event "XIII Open"]
[Site "Balaguer ESP"]
[Date "2008.07.15"]
[Round "2"]
[White "Bhat,V"]
[Black "Bruned,B"]
[Result "1-0"]
[WhiteElo "2483"]
[BlackElo "2224"]

1.d4 Nf6 2.Bg5 c5 3.Bxf6 gxf6 4.d5 Qb6 5.Qc1 f5 6.g3 Bg7 7.c3 d6 8.Nd2 Nd7
9.Nh3 h5 10.Qc2 Nf6 11.Nf4 h4 12.Bh3 hxg3 13.hxg3 Ng4 14.e4 fxe4 15.Nxe4 Ne5
16.O-O-O Bxh3 17.Nxh3 c4 18.Kb1 O-O-O 19.Nd2 Rh5 20.f4 Ng4 21.Nxc4 Qc5 22.Qe2 Nf6
23.Ng5 Rxh1 24.Rxh1 Qxd5 25.Rd1 Qf5+ 26.Kc1 Nd5 27.Qd3 Qxd3 28.Rxd3 Nc7 29.Nxf7 Rf8
30.Ng5 Bh6 31.Nf3 Rg8 32.Nd4 b5 33.Nd2 e5 34.Nc6 Bf8 35.fxe5 dxe5 36.Nxe5 Be7
37.Nc6 Bc5 38.b4 Kb7  1-0

[Event "FSGM July"]
[Site "Budapest HUN"]
[Date "2008.07.15"]
[Round "11"]
[White "Duong The Anh"]
[Black "Mas,H"]
[Result "1/2-1/2"]
[WhiteElo "2445"]
[BlackElo "2386"]

1.d4 Nf6 2.Bg5 d5 3.e3 c5 4.Nf3 Qb6 5.Qc1 Nc6 6.c3 Bf5 7.Bxf6 gxf6 8.Nh4 Bg6
9.dxc5 Qxc5 10.Nd2 e6 11.Be2 Bd6 12.Qd1 Qb6 13.Qb3 Qxb3 14.axb3 Ke7 15.Nxg6+ hxg6
16.h3 f5 17.b4 a6 18.Nb3 g5 19.Kd2 f4 20.Nd4 fxe3+ 21.fxe3 Ne5 22.Rhf1 f5
23.b5 axb5 24.Nxb5 Bc5 25.Nd4 Bb6 26.Nf3 Nf7 27.Bd3 Rxa1 28.Rxa1 g4 29.hxg4 fxg4
30.Ne1 Rh1 31.Ra4 Ne5 32.Be2 Kd6 33.Rb4 Kc7 34.Bxg4 Bc5 35.Rf4 Nc4+ 36.Ke2 Nxe3
37.Rf7+ Kd6 38.Bh3 d4 39.cxd4 Bxd4 40.Rxb7 Nd5 41.Nd3 Rg1 42.Rh7 Rb1 43.Rh6 Nc7
44.Kd2 Rf1 45.Bg4 Bf6 46.Ke2 Bg7 47.Rxe6+ Nxe6 48.Kxf1 Nd4 49.Bf3 Bh6 50.Be4 Bd2
51.g4 Ke6 52.Kf2 Kf6 53.Bb7 Kg5 54.Bc8 Kf6 55.Kg3 Kg5 56.Bd7 Kf6 57.Kh4 Bg5+
58.Kg3 Ke7 59.Bc8 Kd6 60.Bb7 Kc7 61.Bd5 Kd6 62.Bg8 Ke7 63.Nf4 Kd6 64.Nd3 Ke7
65.Ne5 Bc1 66.b3 Kf6 67.Nf3 Ne2+ 68.Kh4 Nc3 69.Bh7 Nb5 70.g5+ Ke6 71.Kh5 Bb2
72.Bd3 Na7 73.Kh6 Nc6 74.Kh7 Ne7 75.Bc2 Kd5 76.g6 Kc5  1/2-1/2

[Event "Heart of Finland"]
[Site "Jyvaskyla FIN"]
[Date "2008.07.15"]
[Round "6"]
[White "Karttunen,M"]
[Black "Haapasalo,JP"]
[Result "1-0"]
[WhiteElo "2418"]
[BlackElo "2167"]

1.d4 Nf6 2.Bg5 d5 3.Bxf6 exf6 4.e3 Be6 5.Nd2 f5 6.Ne2 Nd7 7.c4 c6 8.cxd5 Bxd5
9.Nf4 Nf6 10.Bd3 g6 11.O-O Bd6 12.Nxd5 cxd5 13.Qa4+ Kf8 14.Qb3 Qe7 15.Nf3 Kg7
16.Rfe1 Rad8 17.Rac1 h5 18.a3 Bb8 19.Qb4 Bd6 20.Qa5 Bb8 21.Qc5 Rd6 22.a4 Qd8
23.a5 Ne4 24.Qb5 Qe7 25.Qb4 a6 26.Rc2 g5 27.Rec1 g4 28.Bxe4 fxe4 29.Nd2 h4
30.Rc8 Rhd8 31.Qc5 g3 32.hxg3 hxg3 33.Rxd8 Qxd8 34.Qc8 gxf2+ 35.Kf1 Qh4 36.Qh3 Qd8
37.Rc8 Qxa5 38.Qh8+ Kg6 39.Rg8+ Kf5 40.Qe5+  1-0

[Event "Superfinal Chelyabinsk Oblast"]
[Site "Satka RUS"]
[Date "2008.07.15"]
[Round "10"]
[White "Ponkratov,P"]
[Black "Dvoirys,S"]
[Result "1/2-1/2"]
[WhiteElo "2530"]
[BlackElo "2553"]

1.d4 Nf6 2.Bg5 g6 3.Nc3 Bg7 4.e4 h6 5.Be3 d6 6.f3 c6 7.Qd2 b5 8.Bd3 Nbd7
9.Nh3 a6 10.Ne2 e5 11.c3 d5 12.Nf2 h5 13.f4 exd4 14.Nxd4 c5 15.Nf3 dxe4 16.Bxe4 Nxe4
17.Nxe4 O-O 18.Nxc5 Nxc5 19.Qxd8 Rxd8 20.Bxc5 Bb7 21.O-O Rac8 22.Be7 Rd7
23.Bb4 Re8 24.Rae1 Rxe1 25.Nxe1 Rd2 26.Rf2 Rd1 27.Re2 Bd5 28.b3 Rc1 29.Kf2 Bxc3
30.Bxc3 Rxc3 31.Rc2 Rxc2+ 32.Nxc2 Be4 33.Nd4 Kf8 34.g3 Ke7 35.Ke3 Bb1 36.a3 Kd6
37.Nf3 a5 38.Kd4 f6 39.b4 axb4 40.axb4 Bc2 41.Nh4 Bb1 42.Ng2 Ba2 43.Ne3 Bb3
44.Kc3 Be6 45.Kd3 Ba2 46.Nd1 g5 47.fxg5 fxg5 48.Ke4 h4 49.Nc3 Bc4 50.Kf5 Bd3+
51.Kxg5 hxg3 52.hxg3 Ke5 53.g4 Kd4  1/2-1/2

[Event "FSGM July"]
[Site "Budapest HUN"]
[Date "2008.07.17"]
[Round "13"]
[White "Boros,De"]
[Black "Toth,E"]
[Result "1/2-1/2"]
[WhiteElo "2472"]
[BlackElo "2409"]

1.d4 Nf6 2.Bg5 d5 3.e3 c5 4.Bxf6 gxf6 5.c4 cxd4 6.exd4 Qb6 7.Nc3 dxc4 8.Bxc4 Bg7
9.Bb5+ Bd7 10.Bxd7+ Nxd7 11.Nge2 O-O  1/2-1/2